| Tag |
First Indicator |
Second Indicator |
Subfields |
| LEADER |
00000cam a2200000 i 4500 |
| 001 |
in00003535539 |
| 005 |
20200725064400.0 |
| 008 |
141007s2015 nyua b 001 0 eng |
| 010 |
|
|
|a 2014037890
|
| 020 |
|
|
|a 9781138824294 (hardback)
|
| 020 |
|
|
|a 1138824291 (hardback)
|
| 020 |
|
|
|a 9781138824300 (pbk.)
|
| 020 |
|
|
|a 1138824305 (pbk.)
|
| 020 |
|
|
|z 9781315740768 (ebook)
|
| 035 |
|
|
|a (OCoLC)ocn892620085
|
| 040 |
|
|
|a DLC
|e rda
|c DLC
|d UtOrBLW
|
| 049 |
|
|
|a TXAM
|
| 050 |
0 |
0 |
|a PN1994
|b .E53 2015
|
| 082 |
0 |
0 |
|a 791.43
|2 23
|
| 100 |
1 |
|
|a Elsaesser, Thomas,
|d 1943-2019
|e author.
|
| 245 |
1 |
0 |
|a Film theory :
|b an introduction through the senses /
|c Thomas Elsaesser and Malte Hagener.
|
| 250 |
|
|
|a 2nd edition.
|
| 264 |
|
1 |
|a New York :
|b Routledge,
|c 2015.
|
| 300 |
|
|
|a viii, 237 pages :
|b illustrations ;
|c 24 cm.
|
| 336 |
|
|
|a text
|b txt
|2 rdacontent
|
| 337 |
|
|
|a unmediated
|b n
|2 rdamedia
|
| 338 |
|
|
|a volume
|b nc
|2 rdacarrier
|
| 504 |
|
|
|a Includes bibliographical references (pages [219]-225) and index.
|
| 505 |
0 |
|
|a Introduction : film theory, cinema, the body and the senses -- Cinema as window and frame -- Cinema as door : screen and threshold -- Cinema as mirror : face and close-up -- Cinema as eye : look and gaze -- Cinema as skin : body and touch -- Cinema as ear : acoustics and space -- Cinema as brain : mind and body -- Digital cinema and film theory : the body digital.
|
| 650 |
|
0 |
|a Motion pictures.
|
| 700 |
1 |
|
|a Hagener, Malte,
|d 1971-
|e author.
|
| 945 |
|
|
|a PromptCat
|b 234194
|
| 946 |
|
|
|a stk
|
| 947 |
|
|
|a A14842875891
|
| 948 |
|
|
|a cataloged
|b h
|c 2015/7/1
|d c
|e dmitchel
|f 9:50:30 am
|
| 994 |
|
|
|a 92
|b TXA
|
| 999 |
|
|
|a MARS
|
| 999 |
f |
f |
|s 4b21d7cb-19f6-319c-a2a9-726e2c0700f9
|i 0265e9f8-3bbb-37d8-b1e0-6194932848ea
|t 0
|
| 952 |
f |
f |
|p normal
|a Texas A&M University
|b College Station
|c Sterling C. Evans Library
|d Evans: Library Stacks
|t 0
|e PN1994 .E53 2015
|h Library of Congress classification
|i unmediated -- volume
|m A14842875891
|
| 998 |
f |
f |
|a PN1994 .E53 2015
|t 0
|l Evans: Library Stacks
|